000 01192nam a2200253 i 4500
001 163084
003 ES-MaACL
005 20250809063530.0
008 931025s1734 fr f |||| | fre d
100 1 _aRéaumur, René Antoine Ferchault de,
_d1683-1757
_9153964
245 1 0 _aMemoires pour servir a l'histoire des insectes /
_cpar M. de Reaumur... ; Tome premier, Sur les chenilles & sur les papillons.
246 3 _aSur les chenilles & sur les papillons
260 _aa Paris :
_bde l'imprimerie royale,
_c1734.
300 _a4], 654, 2] p., 50] h. de grab. pleg. ;
_c4º.
530 _aDisponible en formato digital.
597 _aSign. : *2, A-Z4, 2A-2Z4, 3A-3Z4, 4A-4N4.
597 _aPort. con esc. xil.
599 _aGrab. calc. "Simonneau del. et sculp." en cabecera de texto.
599 _aLas h. de grab. pleg. calc. "Simonneau del et sculp." dibujos de insectos.
650 7 _aInsectos
_2embne
_913823
852 4 _aES-MaACL
_jR-1123-28
_z- Enc. pasta española
_z- Ex-libris de la Biblioteca Real
_xOlim: G-12039-44
856 4 _uhttps://hdl.handle.net/11441/120521
_zDepósito de Investigación Universidad de Sevilla
999 _c163084
_d163084